000 00198 a2200097 4500
001 6775
100 _aNoorani, A G
245 _aKashmir Question
260 _a
_bMaUaktalAS
_c
090 _c5601
_d5601
942 _aNUST-CAE
_cM
_c32047
999 _c241848
_d241848